[Event "XVII C.to Italiano UISP A"]
[Site "Montecatini Terme ITA"]
[Date "1996.12.??"]
[Round "2"]
[White "Oppici, Gabriele"]
[Black "Sarno, Spartaco"]
[WhiteElo "2055"]
[BlackElo "2410"]
[Result "0-1"]
[PlyCount "66"]
[EventDate "1996.12.04"]

1. Nc3 g6 2. h4 Nf6 3. e4 d6 4. h5 Nxh5 5. Rxh5 gxh5 6. Qxh5 e6 7. d4 Qf6 8.
Be3 Bd7 9. O-O-O Qg6 10. Qh2 Nc6 11. Nge2 O-O-O 12. Nf4 Qg8 13. Bb5 a6 14. Bxc6
Bxc6 15. Qh5 b6 16. Qe2 Bb7 17. Qf1 Be7 18. d5 Bg5 19. Qc4 e5 20. Nd3 Bxe3+ 21.
fxe3 Qg3 22. Re1 Rhg8 23. Re2 Qh2 24. b3 Rxg2 25. Rxg2 Qxg2 26. Nb4 b5 27. Qd3
Rg8 28. a4 bxa4 29. Nc6 Kd7 30. Na5 axb3 31. Nxb7 Qxc2+ 32. Qxc2 bxc2 33. Kxc2
h5 0-1

[Event "XVII C.to Italiano UISP A"]
[Site "Montecatini Terme ITA"]
[Date "1996.12.??"]
[Round "2"]
[White "Renier, Renzo"]
[Black "Pastorini, Mario"]
[WhiteElo "1893"]
[BlackElo "2210"]
[Result "0-1"]
[PlyCount "58"]
[EventDate "1996.12.04"]

1. e4 c5 2. Nf3 e6 3. d4 cxd4 4. Nxd4 Nf6 5. Nc3 d6 6. Be3 Nc6 7. Bc4 Be7 8.
Qe2 a6 9. Bb3 Qc7 10. O-O-O O-O 11. g4 Nxd4 12. Rxd4 b5 13. g5 Nd7 14. Qh5 g6
15. Qe2 Rd8 16. h4 Bf8 17. Rdd1 Nc5 18. f3 b4 19. Na4 Nxb3+ 20. axb3 Rb8 21. h5
Bd7 22. hxg6 fxg6 23. Qxa6 Rdc8 24. Qe2 Bxa4 25. bxa4 b3 26. c3 Ra8 27. e5 Rxa4
28. exd6 Bxd6 29. Qd3 Bf4 0-1

[Event "XVII C.to Italiano UISP A"]
[Site "Montecatini Terme ITA"]
[Date "1996.12.??"]
[Round "2"]
[White "Rossi, Carlo"]
[Black "Monteleone, Antonio"]
[WhiteElo "2320"]
[BlackElo "2200"]
[Result "1-0"]
[PlyCount "109"]
[EventDate "1996.12.04"]

1. e4 e6 2. Nf3 d5 3. e5 c5 4. b4 cxb4 5. d4 Nc6 6. a3 Qa5 7. Be2 bxa3+ 8. Kf1
Nh6 9. Nxa3 Be7 10. Bxh6 gxh6 11. Nb5 Qd8 12. Qd2 Bf8 13. g3 a6 14. Kg2 Rb8 15.
Nc3 Bg7 16. Nh4 O-O 17. f4 f6 18. Rhf1 fxe5 19. fxe5 Qg5 20. Rxf8+ Bxf8 21. Qd3
Bd7 22. Rf1 Bb4 23. Rf4 h5 24. Qe3 h6 25. Nf3 Qg7 26. Nd1 Be7 27. Nf2 Rf8 28.
Nh3 Rxf4 29. Nxf4 h4 30. c4 Nb4 31. Qb3 Qf7 32. Nxh4 Bc6 33. Nf3 b5 34. c5 a5
35. Ne1 Bd7 36. Bg4 Bg5 37. Ne2 Qg6 38. Bf3 Bd2 39. Qd1 Bxe1 40. Qxe1 Qc2 41.
Kh3 Qd3 42. Bg4 Qe3 43. Qf1 Nc6 44. Qf6 Qg5 45. Bxe6+ Bxe6+ 46. Qxe6+ Kh7 47.
Nf4 Nxd4 48. Qf7+ Qg7 49. Qxd5 Nf5 50. Qe4 Qg5 51. c6 Kh8 52. c7 Ne7 53. Nd5
Nc8 54. Nf6 Qg7 55. Qd5 1-0

[Event "XVII C.to Italiano UISP A"]
[Site "Montecatini Terme ITA"]
[Date "1996.12.??"]
[Round "2"]
[White "Samaritani, Fabio"]
[Black "Sedina, Elena"]
[WhiteElo "2220"]
[BlackElo "2345"]
[Result "1-0"]
[PlyCount "78"]
[EventDate "1996.12.04"]

1. e4 e6 2. d4 d5 3. Nc3 Bb4 4. e5 c5 5. a3 Bxc3+ 6. bxc3 Qc7 7. Qg4 f5 8. Qg3
cxd4 9. cxd4 Ne7 10. Bd2 O-O 11. Bd3 b6 12. Ne2 Ba6 13. Nf4 Qd7 14. Bb4 Rf7 15.
h4 Bxd3 16. Qxd3 Nbc6 17. Bd2 Rc8 18. Rh3 Nd8 19. Rg3 Qa4 20. c3 Qb3 21. Qe2
Qb2 22. Qd1 Nec6 23. a4 Na5 24. Rb1 Qa2 25. Ra1 Qb3 26. Qh5 Qc4 27. Nh3 Nb3 28.
Ng5 Nxa1 29. Qxh7+ Kf8 30. Nxf7 Nxf7 31. Qxg7+ Ke8 32. Qf6 Kd7 33. Qxf7+ Kc6
34. Rg7 Nc2+ 35. Kd1 Ne3+ 36. fxe3 Qxa4+ 37. Ke1 Qa1+ 38. Ke2 Qa6+ 39. Kf2 f4
1-0

[Event "XVII C.to Italiano UISP A"]
[Site "Montecatini Terme ITA"]
[Date "1996.12.??"]
[Round "2"]
[White "Tirabassi, Maurizio"]
[Black "Saccone, Fabio"]
[WhiteElo "2330"]
[BlackElo "2200"]
[Result "1/2-1/2"]
[PlyCount "70"]
[EventDate "1996.12.04"]

1. c4 f5 2. Nf3 Nf6 3. g3 g6 4. Bg2 Bg7 5. O-O O-O 6. d4 d6 7. Nc3 c6 8. d5 Bd7
9. Rb1 Na6 10. b4 cxd5 11. cxd5 Rc8 12. Qb3 Ne4 13. Nxe4 fxe4 14. Ng5 Rc3 15.
Qd1 Rc4 16. a3 Bf5 17. Bb2 Bxb2 18. Rxb2 Qc8 19. Qd2 h6 20. g4 Bxg4 21. Nxe4
Kh7 22. f3 Bf5 23. Ng3 Qc7 24. e4 Bd7 25. Ra1 Rc8 26. Bf1 Rc3 27. Kg2 Rc2 28.
Rxc2 Qxc2 29. Ra2 Qxd2+ 30. Rxd2 Rc3 31. Ra2 Nc7 32. Ne2 Rd3 33. Nf4 Rc3 34.
Ne2 Rd3 35. Nf4 Rc3 1/2-1/2

[Event "XVII C.to Italiano UISP A"]
[Site "Montecatini Terme ITA"]
[Date "1996.12.??"]
[Round "2"]
[White "Travaglini, Alberto"]
[Black "Rossignoli, Fabio"]
[WhiteElo "2021"]
[BlackElo "1701"]
[Result "1/2-1/2"]
[PlyCount "115"]
[EventDate "1996.12.04"]

1. d4 Nf6 2. Nf3 g6 3. Bf4 Bg7 4. e3 d6 5. h3 Nbd7 6. Be2 O-O 7. O-O c6 8. Nbd2
Re8 9. Nc4 b5 10. Na3 Bb7 11. c4 b4 12. Nc2 a5 13. a3 c5 14. Bh2 Ne4 15. Nd2
Qb6 16. axb4 axb4 17. Nb3 Rxa1 18. Ncxa1 e6 19. Nc2 Rd8 20. f3 Nef6 21. Kh1 d5
22. Qd2 Bf8 23. Rd1 Ba6 24. cxd5 c4 25. Nc1 exd5 26. b3 c3 27. Qe1 Re8 28. Nd3
Bxd3 29. Bxd3 Bh6 30. Qf2 Ra8 31. Qg3 Bf8 32. e4 Ra2 33. Qe1 Bh6 34. exd5 Bd2
35. Qe7 Rxc2 36. Bxc2 Qxd4 37. Ra1 Qxd5 38. Qxb4 Kg7 39. Qc4 Qb7 40. b4 Qb6 41.
b5 Qe3 42. Bg1 Qe5 43. b6 Nh5 44. Bd4 Ng3+ 45. Kh2 Nf1+ 46. Kg1 Be3+ 47. Bxe3
Nxe3 48. Qe2 Qc5 49. Kh1 Nxb6 50. Re1 Nbd5 51. Bd3 c2 52. Qd2 Qb4 53. Qxb4 Nxb4
54. Bxc2 Nexc2 55. Re7 Nd5 56. Ra7 h5 57. Kh2 Nce3 58. g3 1/2-1/2

[Event "XVII C.to Italiano UISP A"]
[Site "Montecatini Terme ITA"]
[Date "1996.12.??"]
[Round "2"]
[White "Verrascina, Nicola"]
[Black "Accardo, Francesco"]
[WhiteElo "2080"]
[BlackElo "2070"]
[Result "1-0"]
[PlyCount "67"]
[EventDate "1996.12.04"]

1. e4 a6 2. d4 b5 3. Bd3 Bb7 4. Nf3 Nf6 5. Qe2 c5 6. c3 e6 7. Bg5 Qc7 8. Nbd2
Nc6 9. O-O h6 10. Bh4 Qb6 11. a4 c4 12. Bc2 g5 13. Bg3 d5 14. axb5 axb5 15.
Rxa8+ Bxa8 16. Ra1 Bb7 17. exd5 Nxd5 18. Ne5 Bg7 19. Ne4 Nxe5 20. Bxe5 Bxe5 21.
dxe5 Nf4 22. Qf3 O-O 23. Nf6+ Kg7 24. Be4 Rb8 25. Bxb7 Qxb7 26. Qxb7 Rxb7 27.
Ra8 h5 28. g3 Nd3 29. Nxh5+ Kg6 30. g4 Nxe5 31. Rg8+ Kh7 32. Nf6+ Kh6 33. f4
Ng6 34. h4 1-0

[Event "XVII C.to Italiano UISP A"]
[Site "Montecatini Terme ITA"]
[Date "1996.12.??"]
[Round "2"]
[White "Vezzosi, Paolo"]
[Black "Ceccatelli, Claudio"]
[WhiteElo "2310"]
[BlackElo "1714"]
[Result "0-1"]
[PlyCount "42"]
[EventDate "1996.12.04"]

1. e4 c6 2. Nc3 d5 3. Qf3 d4 4. Nce2 e5 5. Qg3 Nd7 6. d3 Ngf6 7. f4 Bb4+ 8. c3
dxc3 9. bxc3 Be7 10. fxe5 Ng4 11. Nf3 Ndxe5 12. Nf4 h5 13. h4 g5 14. hxg5 Nxf3+
15. gxf3 Ne5 16. d4 h4 17. Qf2 Qa5 18. Bd2 Bxg5 19. dxe5 Bxf4 20. Rxh4 Bxd2+
21. Kxd2 Qd8+ 0-1

[Event "XVII C.to Italiano UISP A"]
[Site "Montecatini Terme ITA"]
[Date "1996.12.??"]
[Round "2"]
[White "Vignato, Giovanni"]
[Black "Ottavi, Marco"]
[WhiteElo "2105"]
[BlackElo "1945"]
[Result "1-0"]
[PlyCount "76"]
[EventDate "1996.12.04"]

1. c4 e5 2. Nc3 Nc6 3. e4 g6 4. g3 Bg7 5. Bg2 d6 6. Nge2 Bg4 7. f3 Be6 8. d3
Qd7 9. O-O f5 10. Be3 Nf6 11. Nd5 O-O 12. Qd2 Ne7 13. Nec3 c6 14. Nxe7+ Qxe7
15. Bg5 Qc7 16. Bh3 Rae8 17. Kh1 Nh5 18. Ne2 Qd7 19. Be3 b6 20. Rac1 d5 21.
exd5 cxd5 22. b3 f4 23. Bxe6+ Qxe6 24. Bf2 e4 25. cxd5 e3 26. dxe6 exd2 27.
Rcd1 fxg3 28. Bxg3 Bh6 29. f4 Rxe6 30. Rxd2 Re3 31. Kg2 Rd8 32. d4 Bg7 33. d5
Rde8 34. Kf2 Bf6 35. d6 R3e6 36. d7 Rf8 37. Rc1 Bd8 38. Rc8 Nf6 1-0

[Event "XVII C.to Italiano UISP A"]
[Site "Montecatini Terme ITA"]
[Date "1996.12.??"]
[Round "2"]
[White "Voltolini, Mario"]
[Black "Lucaroni, Massimiliano"]
[WhiteElo "2185"]
[BlackElo "2265"]
[Result "1/2-1/2"]
[PlyCount "59"]
[EventDate "1996.12.04"]

1. d4 Nf6 2. Nf3 e6 3. e3 d5 4. Bd3 c5 5. O-O Nc6 6. b3 Bd6 7. Bb2 O-O 8. c4
Qe7 9. Nc3 b6 10. Rc1 Bb7 11. cxd5 exd5 12. Nb5 Bb8 13. dxc5 bxc5 14. Bxf6 Qxf6
15. Rxc5 Ne5 16. Nbd4 Bd6 17. Rc1 Rae8 18. Bb5 Re7 19. Be2 Qh6 20. h3 f5 21.
Qc2 f4 22. Nf5 Rxf5 23. Qxf5 Rf7 24. Rc8+ Bxc8 25. Qxc8+ Rf8 26. Qb7 Nxf3+ 27.
Bxf3 fxe3 28. Qxd5+ Kh8 29. Rd1 Bc7 30. Qe4 1/2-1/2

[Event "XVII C.to Italiano UISP A"]
[Site "Montecatini Terme ITA"]
[Date "1996.12.??"]
[Round "3"]
[White "Accardo, Francesco"]
[Black "Di Vincenzi, Renato"]
[WhiteElo "2070"]
[BlackElo "2128"]
[Result "1-0"]
[PlyCount "150"]
[EventDate "1996.12.04"]

1. e4 c5 2. Nc3 e6 3. f4 d6 4. Nf3 Nc6 5. Bc4 a6 6. a4 Qc7 7. d3 Nf6 8. O-O Be7
9. Kh1 h6 10. Be3 Bd7 11. Rc1 O-O-O 12. Qe1 Be8 13. Ba2 d5 14. Bd2 dxe4 15.
dxe4 Nd4 16. Ne5 Nd7 17. Nc4 Nb6 18. Ne3 Bc6 19. a5 Nd7 20. f5 Nf6 21. Nc4 exf5
22. Nb6+ Kb8 23. Bf4 Bd6 24. e5 Rhe8 25. exd6 Bxg2+ 26. Kxg2 Qc6+ 27. Ncd5 Rxe1
28. Rcxe1 Nh5 29. d7+ Nxf4+ 30. Rxf4 Qg6+ 31. Kf2 Ne6 32. Rc4 Qh5 33. h4 f4 34.
Rh1 Qg4 35. Rc3 Nd4 36. Bc4 f3 37. Rh2 g5 38. Bf1 gxh4 39. Rh3 Rg8 40. Rxc5
Qg1+ 41. Ke1 f2+ 42. Kd2 Nc6 43. Ne3 Qg6 44. Rxh4 Rd8 45. Rhh5 Qe4 46. Rhd5
Qb4+ 47. Rc3 Nxa5 48. Nec4 Nc6 49. Ke2 Qe7+ 50. Re3 Qf6 51. Rf3 Nd4+ 52. Rxd4
Qxd4 53. Rxf2 Qg4+ 54. Rf3 f5 55. Bh3 Qe4+ 56. Re3 Qxc2+ 57. Kf3 Qd1+ 58. Kf4
Qd4+ 59. Kf3 Rxd7 60. Nxd7+ Qxd7 61. Kf4 a5 62. b3 a4 63. Bxf5 Qd4+ 64. Be4 a3
65. Nxa3 Qd6+ 66. Kf3 Qxa3 67. Bd5 Qf8+ 68. Ke4 Kc7 69. Rc3+ Kd6 70. Bc4 Qe7+
71. Kd3 h5 72. Kc2 Qe4+ 73. Rd3+ Ke5 74. Kc3 Qe1+ 75. Kb2 h4 1-0

[Event "XVII C.to Italiano UISP A"]
[Site "Montecatini Terme ITA"]
[Date "1996.12.??"]
[Round "3"]
[White "Adinolfi, Vincenzo"]
[Black "Pastorini, Mario"]
[WhiteElo "2165"]
[BlackElo "2210"]
[Result "1-0"]
[PlyCount "149"]
[EventDate "1996.12.04"]

1. d4 Nf6 2. Nf3 e6 3. c4 b6 4. g3 Bb7 5. Bg2 Be7 6. Nc3 Ne4 7. Nxe4 Bxe4 8.
Bd2 O-O 9. O-O c5 10. Bc3 d5 11. cxd5 Bxd5 12. Re1 cxd4 13. Nxd4 Bxg2 14. Kxg2
Qc7 15. Qa4 Nd7 16. Nc6 Bf6 17. Bxf6 Nxf6 18. Rac1 Qb7 19. Kg1 b5 20. Qa3 Kh8
21. Rc2 a6 22. Rec1 h6 23. Ne5 Qe4 24. Nd3 Rfd8 25. Qc5 Nd5 26. Qc6 Qd4 27. Qc5
Qxc5 28. Rxc5 Kg8 29. Ne5 Kf8 30. Kf1 Ne7 31. Ke1 Ke8 32. Rc7 Rac8 33. Nd3 Rxc7
34. Rxc7 Rd6 35. Ra7 Nd5 36. a3 b4 37. Nxb4 Nxb4 38. axb4 Rb6 39. Kd2 Rxb4 40.
Kc3 Rb6 41. b4 Kf8 42. Kc4 g6 43. e4 h5 44. h4 Kg7 45. f4 Rc6+ 46. Kd4 Rb6 47.
Kc5 Rb5+ 48. Kc4 Rb6 49. e5 Kg8 50. Rd7 Rc6+ 51. Kb3 Kf8 52. Ka4 Rb6 53. Rd6
Rxd6 54. exd6 f6 55. Ka5 e5 56. Kxa6 e4 57. b5 e3 58. b6 e2 59. b7 e1=Q 60.
b8=Q+ Kg7 61. Qc7+ Kh6 62. d7 Qe2+ 63. Kb7 Qb5+ 64. Ka7 Qa4+ 65. Kb8 Qb5+ 66.
Qb7 Qa5 67. Kc8 Qc5+ 68. Qc7 Qf5 69. Qd6 Qc2+ 70. Kd8 Qc4 71. Ke8 Qa4 72. Kf8
f5 73. d8=Q Qa1 74. Q6f6 Qa3+ 75. Qfe7 1-0

[Event "XVII C.to Italiano UISP A"]
[Site "Montecatini Terme ITA"]
[Date "1996.12.??"]
[Round "3"]
[White "Caposciutti, Maurizio"]
[Black "Voltolini, Mario"]
[WhiteElo "2305"]
[BlackElo "2185"]
[Result "1/2-1/2"]
[PlyCount "144"]
[EventDate "1996.12.04"]

1. Nf3 Nf6 2. c4 c5 3. b3 g6 4. Bb2 Bg7 5. g3 b6 6. Bg2 Bb7 7. O-O O-O 8. Nc3
e6 9. d3 d5 10. e3 Nc6 11. Qe2 Qe7 12. Rfd1 Rfd8 13. Rac1 Rd7 14. cxd5 exd5 15.
d4 cxd4 16. Nxd4 Nxd4 17. Rxd4 Ne4 18. Rdd1 Rad8 19. Nb5 Ba6 20. Bxg7 Bxb5 21.
Qxb5 Kxg7 22. Qd3 f5 23. Qd4+ Qf6 24. b4 Qxd4 25. Rxd4 Kf7 26. h4 Ke6 27. Bf3
Nf6 28. Kg2 Ne8 29. Rc6+ Rd6 30. Bxd5+ Ke7 31. Rxd6 Rxd6 32. Bb3 Rc6 33. Kf3
Nf6 34. Ke2 h6 35. Rc4 Rxc4 36. Bxc4 Ne4 37. a3 Kd6 38. Bd3 Nf6 39. f3 Ke5 40.
Kd2 g5 41. hxg5 hxg5 42. f4+ gxf4 43. gxf4+ Ke6 44. Kc3 Ng4 45. Kd4 Nf2 46. Bc2
Kf6 47. a4 Ke6 48. a5 Ng4 49. Bd1 Nf6 50. Bf3 Kd6 51. Kc4 Ne8 52. e4 fxe4 53.
Bxe4 Nc7 54. Bd3 b5+ 55. Kd4 Nd5 56. Bxb5 Nxf4 57. Bc4 Ng6 58. Bd5 Ne7 59. Be4
Nc8 60. b5 Kc7 61. Kc5 Ne7 62. Bd3 Nc8 63. Bf5 Ne7 64. Be6 Ng6 65. Bg4 Ne7 66.
Bf3 Ng6 67. Bg2 Ne7 68. Be4 Nc8 69. Bd5 Ne7 70. Bc6 Ng6 71. Kd5 Nf4+ 72. Ke5
Nd3+ 1/2-1/2

[Event "XVII C.to Italiano UISP A"]
[Site "Montecatini Terme ITA"]
[Date "1996.12.??"]
[Round "3"]
[White "Caruso, Augusto"]
[Black "Genovese, Maurizio"]
[WhiteElo "2210"]
[BlackElo "2265"]
[Result "1/2-1/2"]
[PlyCount "106"]
[EventDate "1996.12.04"]

1. e4 d6 2. d4 Nf6 3. Nc3 c6 4. h3 Qa5 5. Bd2 Qc7 6. Nf3 e5 7. Bd3 Be7 8. O-O
O-O 9. Ne2 Re8 10. dxe5 dxe5 11. g4 g6 12. Ng3 Nbd7 13. g5 Nh5 14. Nxh5 gxh5
15. Nh4 Nc5 16. Qxh5 Nxd3 17. cxd3 Qd6 18. Nf3 Bf8 19. Bc3 Bg7 20. Rad1 Qg6 21.
Qh4 f5 22. Kh1 Bd7 23. Rg1 c5 24. Qg3 f4 25. Qg2 Qh5 26. Kh2 Rad8 27. Rd2 Bc8
28. b4 b6 29. bxc5 bxc5 30. Ba5 Rd6 31. Rc1 Rg6 32. Rxc5 h6 33. d4 hxg5 34.
Nxe5 Bxe5 35. Rxe5 Rxe5 36. dxe5 Be6 37. Rd8+ Kh7 38. Rf8 g4 39. Rxf4 gxh3 40.
Qf3 Qxe5 41. Bc3 Qg5 42. Qg3 Qxg3+ 43. fxg3 Bxa2 44. Kxh3 Rc6 45. Rf3 Bb1 46.
Re3 Bxe4 47. Rxe4 Rxc3 48. Re7+ Kg6 49. Rxa7 Rc1 50. Ra4 Kg5 51. Ra5+ Kg6 52.
Kh4 Rc6 53. g4 Rb6 1/2-1/2

[Event "XVII C.to Italiano UISP A"]
[Site "Montecatini Terme ITA"]
[Date "1996.12.??"]
[Round "3"]
[White "Ceccatelli, Claudio"]
[Black "Rossi, Carlo"]
[WhiteElo "1714"]
[BlackElo "2320"]
[Result "1/2-1/2"]
[PlyCount "80"]
[EventDate "1996.12.04"]

1. d4 Nc6 2. Nf3 d6 3. c4 g6 4. e4 Bg7 5. h3 e5 6. Bg5 Qd7 7. Be3 exd4 8. Nxd4
Nf6 9. Nc3 O-O 10. Qd2 Re8 11. f3 d5 12. cxd5 Nxd5 13. Nxd5 Nxd4 14. O-O-O Ne6
15. Be2 c6 16. Nf6+ Bxf6 17. Qxd7 Bxd7 18. Rxd7 Re7 19. Rhd1 Nf8 20. Rd8 Re8
21. Rxe8 Rxe8 22. a3 a6 23. Bb6 h5 24. Kc2 h4 25. Bc4 Kg7 26. Rd6 Be7 27. Rd3
Bf6 28. a4 g5 29. a5 Ng6 30. Rd7 Ne5 31. Rd4 Nxc4 32. Rxc4 Be5 33. Bd4 Kf6 34.
Kc3 Rd8 35. Bxe5+ Kxe5 36. Rc5+ Kf6 37. Rf5+ Kg6 38. Kc2 f6 39. Rc5 Rd4 40. b3
Rd7 1/2-1/2

[Event "XVII C.to Italiano UISP A"]
[Site "Montecatini Terme ITA"]
[Date "1996.12.??"]
[Round "3"]
[White "Cecconi, Giovanni Alberto"]
[Black "Arnetta, Benedetto"]
[WhiteElo "2215"]
[BlackElo "1609"]
[Result "1-0"]
[PlyCount "61"]
[EventDate "1996.12.04"]

1. c4 e5 2. Nc3 Nf6 3. g3 c6 4. d4 e4 5. Bg2 d5 6. Bg5 Be7 7. Nh3 h6 8. Bxf6
Bxf6 9. cxd5 cxd5 10. Nf4 Be6 11. e3 g5 12. Nxe6 fxe6 13. Qh5+ Kf8 14. O-O Kg7
15. f3 exf3 16. Rxf3 Qe8 17. Qxe8 Rxe8 18. Nb5 Na6 19. Bh3 Re7 20. Bg4 Rf8 21.
a3 b6 22. Rc1 e5 23. Bc8 Nb8 24. Nd6 Kg8 25. Nf5 Ree8 26. Bb7 exd4 27. Bxd5+
Kh7 28. Rc7+ Kg6 29. g4 dxe3 30. Rh3 Rh8 31. Bf7+ 1-0

[Event "XVII C.to Italiano UISP A"]
[Site "Montecatini Terme ITA"]
[Date "1996.12.??"]
[Round "3"]
[White "Ciotoli, Patrizio"]
[Black "Verrascina, Nicola"]
[WhiteElo "1956"]
[BlackElo "2080"]
[Result "1/2-1/2"]
[PlyCount "72"]
[EventDate "1996.12.04"]

1. e4 Nf6 2. Nc3 d5 3. e5 Ne4 4. Nxe4 dxe4 5. d4 exd3 6. Bxd3 Nc6 7. f4 Qd5 8.
Qf3 Qxf3 9. Nxf3 Bg4 10. O-O e6 11. Be3 Be7 12. Bb5 O-O 13. Bxc6 bxc6 14. Rad1
Rfd8 15. Kf2 c5 16. c4 Bf5 17. Ke2 Rab8 18. Rxd8+ Rxd8 19. Rd1 Rxd1 20. Kxd1
Kf8 21. Kd2 Ke8 22. Kc3 Kd7 23. Nd2 Kc6 24. Kb3 h6 25. Ka4 Bd3 26. Ka5 Kb7 27.
Kb5 a6+ 28. Ka5 g5 29. g3 gxf4 30. gxf4 Bh4 31. Nf3 Bd8 32. b3 Bb1 33. Bxc5
Bxa2 34. Nd2 Bh4 35. Nf3 Bd8 36. Nd2 Bh4 1/2-1/2

[Event "XVII C.to Italiano UISP A"]
[Site "Montecatini Terme ITA"]
[Date "1996.12.??"]
[Round "3"]
[White "Efimov, Igor"]
[Black "Luciani, Valerio"]
[WhiteElo "2510"]
[BlackElo "2180"]
[Result "1-0"]
[PlyCount "115"]
[EventDate "1996.12.04"]

1. d4 f5 2. c4 Nf6 3. Nc3 g6 4. f3 Bg7 5. e4 fxe4 6. fxe4 d6 7. Be2 Nc6 8. Nf3
O-O 9. d5 Nb8 10. Bg5 Na6 11. Qc2 Qe8 12. O-O Ng4 13. h3 Ne5 14. Qd2 Nf7 15.
Be3 e5 16. a3 Nc5 17. Qc2 Qe7 18. b4 Nd7 19. Nb5 Nf6 20. Nd2 a6 21. Nc3 Bh6 22.
Bxh6 Nxh6 23. Nb3 Bd7 24. Qd2 Kg7 25. Qe3 Nfg8 26. c5 Nf7 27. Na5 Rab8 28. c6
b6 29. Nb3 Bc8 30. Rf2 Nfh6 31. Rxf8 Qxf8 32. Rf1 Qe7 33. Nd2 Ra8 34. a4 Nf7
35. Kh2 Ngh6 36. Kg1 a5 37. b5 Qg5 38. Qxg5 Nxg5 39. Kh2 Ng8 40. g4 Nf6 41. Kg3
Nf7 42. Nd1 g5 43. Nf2 Kg6 44. Kg2 Kg7 45. Nf3 Kg6 46. Nh1 h5 47. gxh5+ Nxh5
48. Nh4+ gxh4 49. Bxh5+ Kxh5 50. Rxf7 Ra7 51. Nf2 Kg6 52. Rf8 Ra8 53. Kh2 Kg7
54. Rd8 Kg6 55. Rh8 Kg5 56. Nd3 Kg6 57. Ne1 Kg5 58. Rf8 1-0

[Event "XVII C.to Italiano UISP A"]
[Site "Montecatini Terme ITA"]
[Date "1996.12.??"]
[Round "3"]
[White "Falchetta, Giovanni"]
[Black "Fabiano, Giuseppe"]
[WhiteElo "2205"]
[BlackElo "2240"]
[Result "0-1"]
[PlyCount "46"]
[EventDate "1996.12.04"]

1. e4 e5 2. Nf3 d6 3. d4 exd4 4. Nxd4 g6 5. Nc3 Bg7 6. Bc4 Nf6 7. O-O O-O 8.
Bb3 Nbd7 9. f3 a6 10. Nde2 b5 11. Bg5 Bb7 12. Qd2 Re8 13. Rad1 Qb8 14. Rfe1 c5
15. Bd5 b4 16. Na4 Bxd5 17. exd5 Qb5 18. b3 Ne5 19. c4 Nxc4 20. Qf4 Ne3 21.
Nec3 Nxd1 22. Rxd1 bxc3 23. Nxc3 Qb4 0-1

[Event "XVII C.to Italiano UISP A"]
[Site "Montecatini Terme ITA"]
[Date "1996.12.??"]
[Round "3"]
[White "Iatrino, Vincenzo"]
[Black "Oppici, Gabriele"]
[WhiteElo "1971"]
[BlackElo "2055"]
[Result "0-1"]
[PlyCount "100"]
[EventDate "1996.12.04"]

1. e4 g6 2. d4 Bg7 3. Nf3 c6 4. Be3 d5 5. e5 Bg4 6. Bd3 Qb6 7. b3 Nd7 8. h3
Bxf3 9. Qxf3 e6 10. Nd2 Qb4 11. Qg3 c5 12. O-O cxd4 13. Bf4 Ne7 14. Nf3 O-O 15.
Bg5 Nc6 16. Rfe1 Rac8 17. Qf4 Rfe8 18. Bh6 Qf8 19. Bxg7 Qxg7 20. Bb5 Ndb8 21.
Nxd4 a6 22. Bd3 Nxd4 23. Qxd4 Nc6 24. Qe3 Re7 25. a3 Rec7 26. f4 Ne7 27. g4 Rc3
28. Re2 Qh6 29. Rh2 Qh4 30. Rf1 R8c6 31. Rg2 f5 32. Rf3 Kf7 33. Qa7 Rc7 34. Qb6
R3c6 35. Qa5 Rc5 36. Qd2 b5 37. gxf5 gxf5 38. Qb4 Ng6 39. Qd2 Ke7 40. Rg5 Kd7
41. b4 R5c6 42. Kh2 Kc8 43. Qe3 Kb7 44. Qd4 Qe1 45. Qb2 Rxc2+ 46. Bxc2 Qe2+ 47.
Rg2 Qxf3 48. Rg3 Qf2+ 49. Rg2 Qxf4+ 50. Kg1 Qe3+ 0-1

[Event "XVII C.to Italiano UISP A"]
[Site "Montecatini Terme ITA"]
[Date "1996.12.??"]
[Round "3"]
[White "Lucaroni, Massimiliano"]
[Black "Beggi, Pierluigi"]
[WhiteElo "2265"]
[BlackElo "2220"]
[Result "1-0"]
[PlyCount "69"]
[EventDate "1996.12.04"]

1. e4 c5 2. Nc3 Nc6 3. Nf3 d6 4. d4 cxd4 5. Nxd4 Nf6 6. Be2 e6 7. O-O Be7 8.
Be3 O-O 9. f4 Bd7 10. Nb3 a6 11. a4 Na5 12. Nd2 d5 13. e5 Ne8 14. Bd3 f5 15.
Ne2 Rc8 16. Nd4 Nc4 17. Nxc4 dxc4 18. Be2 c3 19. b3 Bc5 20. Qd3 Bc6 21. Nxf5
Rxf5 22. Bxc5 Qh4 23. g4 Rf7 24. Bf2 Qe7 25. Bd4 Bd5 26. Qe3 g6 27. Rad1 Ng7
28. Bf3 Bxf3 29. Qxf3 g5 30. Qe4 gxf4 31. Rxf4 Rxf4 32. Qxf4 Rf8 33. Qh6 Qf7
34. Qf6 Qd7 35. Qxf8+ 1-0

[Event "XVII C.to Italiano UISP A"]
[Site "Montecatini Terme ITA"]
[Date "1996.12.??"]
[Round "3"]
[White "Magalotti, Andrea"]
[Black "Tirabassi, Maurizio"]
[WhiteElo "2100"]
[BlackElo "2330"]
[Result "1/2-1/2"]
[PlyCount "59"]
[EventDate "1996.12.04"]

1. e4 c5 2. Nf3 e6 3. d4 cxd4 4. Nxd4 Nf6 5. Nc3 d6 6. Be3 Be7 7. f3 O-O 8. g4
Nc6 9. Qd2 d5 10. g5 Nxd4 11. Bxd4 Ne8 12. f4 dxe4 13. Nxe4 Nd6 14. Bd3 Bd7 15.
Rg1 Nxe4 16. Bxe4 Bc6 17. Bxc6 bxc6 18. Qc3 Qb8 19. O-O-O Qxf4+ 20. Kb1 Rfd8
21. Bxg7 Rxd1+ 22. Rxd1 Rd8 23. Rxd8+ Bxd8 24. a3 Bxg5 25. Be5 Qe3 26. Qa5 Qd2
27. Qc7 f6 28. Bd6 Qd1+ 29. Ka2 Qxc2 30. Qe7 1/2-1/2

[Event "XVII C.to Italiano UISP A"]
[Site "Montecatini Terme ITA"]
[Date "1996.12.??"]
[Round "3"]
[White "Monteleone, Antonio"]
[Black "Vignato, Giovanni"]
[WhiteElo "2200"]
[BlackElo "2105"]
[Result "1-0"]
[PlyCount "49"]
[EventDate "1996.12.04"]

1. d4 d5 2. c4 e6 3. Nc3 c6 4. Nf3 f5 5. Bf4 Nf6 6. e3 Bd6 7. Bxd6 Qxd6 8. Bd3
O-O 9. O-O Bd7 10. Rc1 a6 11. Qb3 b5 12. cxb5 cxb5 13. Rc2 Nc6 14. a3 Rfc8 15.
Rfc1 Be8 16. Na2 Bh5 17. Ne5 Ne7 18. Qb4 Qd8 19. Rxc8 Rxc8 20. Rxc8 Nxc8 21.
Qc5 Be8 22. Nb4 a5 23. Nbc6 Qc7 24. Qxb5 Ne7 25. Qxa5 1-0

[Event "XVII C.to Italiano UISP A"]
[Site "Montecatini Terme ITA"]
[Date "1996.12.??"]
[Round "3"]
[White "Ottavi, Marco"]
[Black "Renier, Renzo"]
[WhiteElo "1945"]
[BlackElo "1893"]
[Result "1-0"]
[PlyCount "63"]
[EventDate "1996.12.04"]

1. e4 c6 2. d4 d5 3. e5 Bf5 4. Nc3 e6 5. g4 Bg6 6. Nge2 Bb4 7. h4 h6 8. Be3 Nd7
9. f4 Ne7 10. h5 Be4 11. Rh3 Qa5 12. Bd2 Bh7 13. a3 Bxc3 14. Nxc3 Qc7 15. Qf3
Bxc2 16. Rc1 Be4 17. Nxe4 dxe4 18. Qxe4 Nd5 19. f5 O-O-O 20. b4 Rhe8 21. b5
exf5 22. Qxf5 f6 23. bxc6 bxc6 24. Rb3 N5b6 25. Bg2 c5 26. Rxc5 Qxc5 27. dxc5
Rxe5+ 28. Qxe5 Nxe5 29. cxb6 axb6 30. Be4 Rd4 31. Bf5+ Kb7 32. Be3 1-0

[Event "XVII C.to Italiano UISP A"]
[Site "Montecatini Terme ITA"]
[Date "1996.12.??"]
[Round "3"]
[White "Passerotti, Pierluigi"]
[Black "Samaritani, Fabio"]
[WhiteElo "2290"]
[BlackElo "2220"]
[Result "1-0"]
[PlyCount "77"]
[EventDate "1996.12.04"]

1. d4 Nf6 2. Nf3 c5 3. c4 cxd4 4. Nxd4 e5 5. Nb5 d5 6. cxd5 Bc5 7. e3 O-O 8.
N5c3 e4 9. Nd2 Bf5 10. a3 a5 11. h3 Re8 12. g4 Bg6 13. Bg2 Qe7 14. g5 Bxe3 15.
fxe3 Nh5 16. Ndxe4 Qe5 17. O-O Nd7 18. Bd2 h6 19. Qg4 Nf8 20. Be1 hxg5 21. Qxg5
f5 22. Ng3 Nf6 23. Nxf5 N6h7 24. Qf4 Bxf5 25. Qxf5 Qxe3+ 26. Qf2 Qe7 27. Ne4
Ng6 28. d6 Qe6 29. Bc3 Rad8 30. Rae1 Rf8 31. Qd4 Rd7 32. Nc5 Rxf1+ 33. Rxf1 Qe8
34. Nxd7 Qxd7 35. Qd5+ Kh8 36. Rf7 Nf6 37. Rxd7 Nxd5 38. Bxg7+ Kg8 39. Bxd5+
1-0

[Event "XVII C.to Italiano UISP A"]
[Site "Montecatini Terme ITA"]
[Date "1996.12.??"]
[Round "3"]
[White "Pastres, Roberto"]
[Black "Corvi, Marco"]
[WhiteElo "2215"]
[BlackElo "2185"]
[Result "0-1"]
[PlyCount "56"]
[EventDate "1996.12.04"]

1. d4 f5 2. g3 Nf6 3. Bg2 e6 4. Nc3 d5 5. Bg5 c6 6. e3 Nbd7 7. Nf3 b6 8. Ne2 h6
9. Bf4 g5 10. Be5 Ba6 11. Nc1 g4 12. Nh4 Nxe5 13. dxe5 Nd7 14. f4 Kf7 15. h3 h5
16. hxg4 hxg4 17. e4 dxe4 18. Bxe4 Nxe5 19. Qxd8 Rxd8 20. fxe5 fxe4 21. Ne2 Be7
22. Rf1+ Ke8 23. Ng6 Rh2 24. Ngf4 Bg5 25. Rf2 Rh1+ 26. Rf1 Rxf1+ 27. Kxf1 Bxf4
28. gxf4 Rd2 0-1